| 000 | 01067nam a22003255a 4500 | ||
|---|---|---|---|
| 001 | 16741055 | ||
| 003 | EG-ScBUE | ||
| 005 | 20220323151323.0 | ||
| 008 | 110419s2011 ua f 000 0 eng d | ||
| 020 | _a9774163907 | ||
| 020 | _a9789774163906 | ||
| 035 | _a(DLC)16741698 | ||
| 035 | _a(DLC)2011381117 | ||
| 040 |
_aDLC _beng _erda _cDLC _dEG-ScBUE |
||
| 082 | 0 | 4 |
_a892.709 _bLIT _222 |
| 245 | 0 | 4 |
_aThe literary life of Cairo : _bone hundred years in the heart of the city / _cedited and introduced by Samia Mehrez. |
| 264 | 1 |
_aCairo ; _aNew York : _bThe American University in Cairo Press, _c2011. |
|
| 300 |
_axv, 433 pages ; _c24 cm |
||
| 336 |
_2rdacontent _atext _btxt |
||
| 337 |
_2rdamedia _aunmediated _bn |
||
| 338 |
_2rdacarrier _avolume _bnc |
||
| 650 | _2BUEsh | ||
| 651 | 1 |
_aCairo (Egypt) _xSocial life and customs. _2BUEsh |
|
| 651 | 1 |
_aCairo (Egypt) _xIn literature. _2BUEsh |
|
| 653 |
_cApril2011 _cMay2011 _bARALIT |
||
| 655 |
_vReading book _934232 |
||
| 700 | 1 |
_924455 _aMehrez, Samia, _eeditor. |
|
| 942 |
_2ddc _cBB |
||
| 999 |
_c15158 _d15158 |
||